| 000 | 00603nam a2200181Ia 4500 | ||
|---|---|---|---|
| 003 | IN-BaIIA | ||
| 008 | 211028s9999 xx 000 0 eng d | ||
| 040 | _cIIA Library | ||
| 080 |
_a083.7:669.972.1.031.1 _bISI |
||
| 110 | _aIndian Standards Institution | ||
| 245 | 0 |
_aIndian Standard Recommended Guide Lines for Concrete Mix Design _cIndian Standards Institution |
|
| 260 |
_aNew Delhi _bIndian Standards Institution _c1983 |
||
| 300 | _a21p. | ||
| 650 |
_aConcrete Mix Design-Standards _914805 |
||
| 650 | _aNASA Thesaurus | ||
| 650 |
_aStandards _98876 |
||
| 942 | _cBK | ||
| 999 |
_c8801 _d8801 |
||